00366nam a22001457a 4500022001800000082001400018100001600032245003800048260007200086300001000158650001300168650001500181650001200196650001200208 a9789559321149 a001.4 IQB aIqbal,M.C.M aA guide for beginners in Research aColombobSri Lanka Association for the Advancement of Sciencec2014 a192 P aResearch alaboratory arecords awriting